| 000 | 01491nam a2200337 a 4500 | ||
|---|---|---|---|
| 001 | BRCA_3442 | ||
| 005 | 20190320204302.0 | ||
| 041 | _aita | ||
| 044 | _ait | ||
| 084 |
_a731 _b.L66 _c1880 |
||
| 100 | 1 |
_aCervantes Saavedra, Miguel de _d1547-1616 _9213 |
|
| 245 | 1 | 0 |
_aDon Chisciotte della Mancia _cdi Michele Cervantes di Saavedra ; Tradotto da Bartolomeo Gamba. |
| 260 |
_aMilán _bLombarda _c[1880-81] |
||
| 300 |
_a2 v. _bil. _c39 cm. |
||
| 500 | _aContenido : v.1. Primera parte. Prólogo del autor. 1880. -- v.2. Segunda parte. Prólogo del autor. 1881 | ||
| 500 | _aEdición : Illustrato con 120 quadri grandi e 250 disegni di Gustavo Doré | ||
| 500 | _aHermosa edición primorosamente impresa, de la traducción de B. Gamba, adornada con los dibujos de Gustavo Doré. Tela; lomos y planos adornados con asuntos quijotiles en rojo, negro y dorado | ||
| 500 | _aEstado físico : Páginas desprendidas | ||
| 500 | _aIncluye índice : De ilustraciones | ||
| 500 | _aQM550 | ||
| 546 | _aTexto en : italiano | ||
| 650 | 1 | 4 |
_aNovela española _yÉpoca clásica, 1500-1700 _9215 |
| 650 | 1 | 4 |
_aLiteratura española _yÉpoca clásica, 1500-1700 _9216 |
| 650 | 1 | 4 |
_aNovela española _ySiglo XVII _9217 |
| 650 | 1 | 4 |
_aDon Quijote (Personaje ficticio) _eNovela _9218 |
| 700 | 1 |
_aGamba, Bartolomeo _d1766-1841 _eTraductor _99008 |
|
| 700 | 1 |
_aDoré, Paul Gustave _d1832-1883 _eIlustrador _99009 |
|
| 740 | 0 | _aEl Ingenioso Hidalgo Don Quijote de la Mancha | |
| 902 | _aQFM | ||
| 942 |
_2lcc _cB |
||
| 999 |
_c3178 _d3178 |
||